| 000 | 00702cam a2200217 a 4500 | ||
|---|---|---|---|
| 020 | _a9780345486547 (acidfree paper) | ||
| 050 | 0 | 0 |
_aPS 3558.O8 _bD43 2008b |
| 100 | 1 |
_aHoward, Linda, _d1950- |
|
| 245 | 1 | 0 |
_aDeath angel : _ba novel / _cLinda Howard. |
| 250 | _a1st ed. | ||
| 260 |
_aNew York : _bBallantine Books, _cc2008. |
||
| 300 | _a341 p. ; | ||
| 650 | 0 | _vFiction. | |
| 650 | 0 | _vFiction. | |
| 650 | 0 | _vFiction. | |
| 650 | 0 | _vFiction. | |
| 856 | 4 | 2 | _uhttp://www.loc.gov/catdir/enhancements/fy0835/2008299451-b.html |
| 856 | 4 | 2 | _uhttp://www.loc.gov/catdir/enhancements/fy0835/2008299451-d.html |
| 856 | 4 | 1 | _uhttp://www.loc.gov/catdir/enhancements/fy0835/2008299451-s.html |
| 942 |
_2lcc _cGEN |
||
| 999 |
_c14394 _d14394 |
||